Domov je pre nás istota, export ponúka možnosti

Rozhovor so spolumajiteľom konzervárne Novofruct Sk Pavlom Uhrínom. Kľúčové atribúty úspechu na zahraničných trhoch. Príprava na nový trh. Priamy vývoz do 20 štátov. Prekonávanie lokálpatriotizmu. Cesta do zahraničia cez etablovaných distribútorov. Ziskovejší export ako predaj na domácom trhu.

Salvato in:
Dettagli Bibliografici
Autore principale: Haluza, Ivan
Altri autori: Uhrín, Pavol
Natura: Capitolo di libro
Lingua:slovacco
Soggetti:
Tags: Aggiungi Tag
Nessun Tag, puoi essere il primo ad aggiungerne!!

MARC

LEADER 00000naa a2200000 4500
001 0209831
005 20231113104240.8
041 0 |a slo 
044 |a SK 
245 1 0 |a Domov je pre nás istota, export ponúka možnosti  |c Ivan Haluza, Pavol Uhrín 
520 |a Rozhovor so spolumajiteľom konzervárne Novofruct Sk Pavlom Uhrínom. Kľúčové atribúty úspechu na zahraničných trhoch. Príprava na nový trh. Priamy vývoz do 20 štátov. Prekonávanie lokálpatriotizmu. Cesta do zahraničia cez etablovaných distribútorov. Ziskovejší export ako predaj na domácom trhu. 
610 2 0 |a firmy 
610 2 0 |a potravinárstvo 
610 2 0 |a konzervovanie potravín 
610 2 0 |a obchod zahraničný 
610 2 0 |a vývoz 
100 1 |a Haluza, Ivan 
700 1 |a Uhrín, Pavol